00390 a2200121 4500001001000000005001700010008004100027245006700068100002600135700002200161773006800183999001700251ART_1229420260410161905.0260409a 10aTesting for serial correlation in simultaneous equation models1 aPhillips, Garry D. A.1 aHarvey, Andrew C.0 tJournal of econometricsg- Vol. 17, NÂș 1 (sep. 1981)wREV11720 c26242d26242